Mehr Arbeitsplätze durch Subventionsabbau

Guardado en:
Detalles Bibliográficos
Formato: Libro
Lenguaje:alemán
Publicado: Kiel Institut für Weltwirtschaft 1985
Colección:Kieler Diskussionsbeiträge 113/114
Etiquetas: Agregar Etiqueta
Sin Etiquetas, Sea el primero en etiquetar este registro!

MARC

LEADER 00000nam a2200000 4500
001 c110942
005 20181203150318.5
041 0 |a ger 
044 |a DE 
245 1 0 |a Mehr Arbeitsplätze durch Subventionsabbau 
264 1 |a Kiel  |b Institut für Weltwirtschaft  |c 1985 
300 |a 60 s. 
490 1 |a Kieler Diskussionsbeiträge  |v 113/114 
830 0 |a Kieler Diskussionsbeiträge  |v 113/114